ბათუმის შოთა რუსთაველის სახელმწიფო უნივერსიტეტის ბიბლიოთეკა

ტარიელ გოლუა. (ბიბ.ჩანაწერი № 47805)

000 -LEADER
fixed length control field 00638nam a2200229Ia 4500
001 - CONTROL NUMBER
control field 14679
003 - CONTROL NUMBER IDENTIFIER
control field GE_BSU
008 - FIXED-LENGTH DATA ELEMENTS--GENERAL INFORMATION
fixed length control field 181216s||||||||xx |||||||||||||| ||und||
040 ## - CATALOGING SOURCE
Transcribing agency GE_BSU
080 ## - UNIVERSAL DECIMAL CLASSIFICATION NUMBER
Universal Decimal Classification number 821.353.1-31
100 ## - MAIN ENTRY--PERSONAL NAME
Personal name ქიაჩელი,ლეო
245 ## - TITLE STATEMENT
Title ტარიელ გოლუა.
245 ## - TITLE STATEMENT
Remainder of title რომანი
245 ## - TITLE STATEMENT
Statement of responsibility, etc. რედ.გ.ზაუტაშვილი
260 ## - PUBLICATION, DISTRIBUTION, ETC.
Place of publication, distribution, etc. თბილისი
260 ## - PUBLICATION, DISTRIBUTION, ETC.
Name of publisher, distributor, etc. სახელგამი
260 ## - PUBLICATION, DISTRIBUTION, ETC.
Date of publication, distribution, etc. 1937
300 ## - PHYSICAL DESCRIPTION
Extent 143გვ.22სმ.
653 ## - INDEX TERM--UNCONTROLLED
Uncontrolled term რომანი
653 ## - INDEX TERM--UNCONTROLLED
Uncontrolled term ტარიელ გოლუა.
942 ## - ADDED ENTRY ELEMENTS (KOHA)
Koha item type წიგნი
ეგზემპლარები
Withdrawn status Lost status Damaged status Not for loan Date acquired Barcode Date last seen Price effective from Koha item type
        2018-12-17 37665 2018-12-17 2018-12-17 წიგნი
        2018-12-17 38089 2018-12-17 2018-12-17 წიგნი
        2018-12-17 38090 2018-12-17 2018-12-17 წიგნი
        2018-12-17 38091 2018-12-17 2018-12-17 წიგნი
        2018-12-17 38092 2018-12-17 2018-12-17 წიგნი
        2018-12-17 38101 2018-12-17 2018-12-17 წიგნი